| 000 | 00499nam a2200133Ia 4500 | ||
|---|---|---|---|
| 008 | 160809s9999 xx 000 0 und d | ||
| 100 | _aDuhon, Stefani. | ||
| 245 | 2 | _aA Whale of a Problem: A Strategic Communication Analysis of SeaWorld Entertainment’s Multi-Year Blackfish Crisis | |
| 245 | _cStefani Duhon, Kelli Ellison & Matthew W. Ragas | ||
| 260 | _bCase Studies in Strategic Communication | ||
| 260 | _c2016 | ||
| 650 | _xCOMMUNICATION | ||
| 856 | _uhttp://cssc.uscannenberg.org/cases/v5/ | ||
| 999 |
_c299992 _d299992 |
||